| 000 | 00902nam a2200265Ia 4500 | ||
|---|---|---|---|
| 003 | OSt | ||
| 005 | 20220925223333.0 | ||
| 006 | a|||||r|||| 00| 0 | ||
| 007 | ta | ||
| 008 | 220923b |||||||| |||| 00| 0 eng d | ||
| 020 | _c4066.20 | ||
| 037 |
_b45895, 28/02/2001, _cGeneral Book |
||
| 040 |
_aRTL _cRTL _beng |
||
| 041 |
_2eng _aeng |
||
| 082 | _aYX, P0 | ||
| 100 |
_aVan Vugt Mark Ed. _9289461 |
||
| 245 | 0 |
_aCooperation in modern society _b Promoting the welfare of communities, states and organizations |
|
| 260 |
_aLondon _bRoutledge _c2000 |
||
| 300 |
_axiv, 245p _ccm. |
||
| 490 | _aRoutledge Studies in Social and Political Thought; 24. Routledge Research Series in Social Psychology | ||
| 500 | _aBibliographjy Chapterwise | ||
| 650 | _aSociology of Police | ||
| 942 |
_hYX, P0 _cGB _2CC |
||
| 999 |
_c579291 _d579291 |
||